| 000 | 00570nam a2200193 i 4500 | ||
|---|---|---|---|
| 001 | 80361 | ||
| 003 | ES-MaACL | ||
| 005 | 20250903083916.0 | ||
| 007 | t| | ||
| 008 | 041027s1909 gw ||||1| ger d | ||
| 110 | 2 |
_aKarl W. Hiersemann (Firma) _9159387 |
|
| 245 | 1 | 0 |
_aKatalog 312 _b: Numismatik / _cKarl W. Hiersemann. |
| 260 |
_aLeipzig : _b[s.n., _c1909] |
||
| 610 | 2 |
_aKarl W. Hiersemann (Firma)- _vCatálogos. _9158963 |
|
| 650 | 4 |
_aCatálogos de editores- _zAlemania _912066 |
|
| 852 |
_aES-MaACL _jT-1122-F-3 |
||
| 942 | _2udc | ||
| 999 |
_c80361 _d80361 |
||